000 00571nam a2200229Ia 4500
003 OSt
005 20221007062841.0
006 a|||||r|||| 00| 0
007 ta
008 221006b |||||||| |||| 00| 0 eng d
024 _a20,626
037 _cTextual
040 _aFLL
_cFLL
_beng
041 _2eng
_aeng
082 _aZ2y8, J6
100 _aGauba K. L.
245 0 _aBattles at the bar
260 _aBombay
_bN. M. Tripathi Ltd. India
_c1956
300 _a288p
_ccm.
942 _hZ2y8, J6
_cTEXL
_2CC
999 _c1129661
_d1129661